Vaiana 2 - Personnages par images - Statistiques

Statistiques générales
  • Ce quiz a été pris 361 fois
  • Le résultat moyen est 6 sur 14
Statistiques - réponses
Par images Réponse % Correct
Vaiana
100%
Maui
86%
Pua
63%
Hey Hey
55%
Tala
38%
Siméa
37%
Nalo
35%
Les Kakamoras
33%
Loto
25%
Chef Tui
22%
Moni
21%
Kele
19%
Matangi
19%
Sina
17%
Aucun quiz correspondant
Distribution des résultats
% des personnes avec chaque résultat
Percentile par nombre de réponses
Votre historique - résultats
Vous n’avez pas pris ce quiz